| 000 | 00742nam a22002297a 4500 | ||
|---|---|---|---|
| 999 |
_c16837 _d16837 |
||
| 003 | AR-CdUCM | ||
| 008 | 190506b ||||| |||| 00| 0 spa d | ||
| 040 |
_aMUNICIPALIDAD PROVINCIAL DEL CUSCO _cBIBLIOTECA MUNICIPAL DEL CUSCO |
||
| 041 | _hit | ||
| 082 |
_a858.9 / _bP84 |
||
| 100 |
_aPratolini, Vasco _935327 |
||
| 245 | _aRecuerdos de la adolescencia / | ||
| 260 |
_aBuenos Aires : _bSiglo veinte, _c1964. |
||
| 300 |
_a175 páginas ; _c20 cm. |
||
| 505 | _aContenido: Via de` Magazzini -- Los hombres que vuelven la espalda. | ||
| 650 |
_aNovela _95 |
||
| 650 |
_aLiteratura argentina _984 |
||
| 650 |
_aLatinoamericana _95799 |
||
| 700 |
_aClementi, José (traducción) _936534 |
||
| 942 |
_2ddc _cLIBROS |
||
| 945 |
_adavv _d06/05/2019 |
||